000 00625nam a2200229Ia 4500
003 OSt
005 20230413163916.0
008 210423s2003 xx 000 0 und d
020 _a98789412310
040 _cAL
041 _aeng
082 _a070.1
_223
_bLUMC
100 _aLUMBY (Catharine);PROBYN (Elspeth)
_988523
245 _aRemote control: new media new ethics
260 _aNew York
_bCambridge University Press
_c2003
300 _axi,258
_bPB
365 _b1375
_cINR
650 _aGeneral
_988524
650 _aMass Media
_988525
906 _acontrol: ; ethics. ; media ; new ; Remote
942 _2ddc
_cBK
999 _c157471
_d157471